Human resources for the development and management of land: the role of the surveyor and land economy professions, report of the proceedings of a CASLE Atlantic regional seminar held in Jamaica on 25 - 28 September 1979 (Record no. 95241)

MARC details
000 -LEADER
fixed length control field 00642cam a2200181 4500
001 - CONTROL NUMBER
control field D2603
008 - FIXED-LENGTH DATA ELEMENTS--GENERAL INFORMATION
fixed length control field 090401t1980 xxu||||| |||| 00| 0 eng d
035 ## - SYSTEM CONTROL NUMBER
System control number (Sirsi) u69844
041 ## - LANGUAGE CODE
Language code of text/sound track or separate title eng
050 ## - LIBRARY OF CONGRESS CALL NUMBER
Classification number 333.00601
110 ## - MAIN ENTRY--CORPORATE NAME
Corporate name or jurisdiction name as entry element Commonwealth Association of Surveying and Land Economy
9 (RLIN) 2570
245 ## - TITLE STATEMENT
Title Human resources for the development and management of land: the role of the surveyor and land economy professions, report of the proceedings of a CASLE Atlantic regional seminar held in Jamaica on 25 - 28 September 1979
260 ## - PUBLICATION, DISTRIBUTION, ETC.
Place of publication, distribution, etc. London
Name of publisher, distributor, etc. CASLE
Date of publication, distribution, etc. 1980
300 ## - PHYSICAL DESCRIPTION
Extent 153p. 30cm
350 ## - PRICE (NR) (BK AM CF MU VM SE) [OBSOLETE]
Price 0
942 ## - ADDED ENTRY ELEMENTS (KOHA)
Suppress in OPAC 0
948 ## - LOCAL PROCESSING INFORMATION (OCLC); SERIES PART DESIGNATOR (RLIN)
c (OCLC) 04/03/1997
Holdings
Withdrawn status Lost status Source of classification or shelving scheme Damaged status Not for loan Home library Current library Shelving location Date acquired Total Checkouts Full call number Barcode Date last seen Copy number Price effective from Koha item type
    Dewey Decimal Classification     London London Basement 14/09/1999   SHELF 321 30001045 06/08/2019 1 06/08/2019 Book